| 000 | 00691cam a22002293a 4500 | ||
|---|---|---|---|
| 001 | 18128 | ||
| 003 | PGUSA | ||
| 005 | 20140828083403.0 | ||
| 008 | 060406s2006||||xxu|||||s|||||000 | eng d | ||
| 040 |
_aPGUSA _beng |
||
| 042 | _adc | ||
| 050 | 4 | _aF3401 | |
| 100 | 1 |
_aMarcoy, Paul, _d1815-1888 |
|
| 245 | 1 | 0 |
_aTocht naar de dalen van den kinaboom (Peru) : _bDe Aarde en haar Volken, 1873 _h[electronic resource] / _cPaul Marcoy |
| 260 |
_bProject Gutenberg, _c2006 |
||
| 506 | _aPublic domain in the USA. | ||
| 516 | _aElectronic text | ||
| 653 | _aPeru -- Description and travel | ||
| 830 | 0 |
_aProject Gutenberg _v18128 |
|
| 856 | 4 | 0 | _uhttp://www.gutenberg.org/ebooks/18128 |
| 942 | _cEB | ||
| 999 |
_c247383 _d247383 |
||